|
|
|
|
| LEADER |
01291nam a22002657a 4500 |
| 001 |
38510 |
| 003 |
BD-DhAAL |
| 008 |
220518t2008 bg a g b 100 0 eng d |
| 999 |
|
|
|c 44191
|d 44191
|
| 020 |
|
|
|a 9843000023211
|
| 040 |
|
|
|a BD-DhAAL
|c BD-DhAAL
|
| 082 |
|
|
|a 320.95492
|2 23
|
| 111 |
|
|
|a International Workshop on Governance and Development
|d (2006 :
|c Dhaka, Bangladesh)
|9 48483
|
| 245 |
|
|
|a A ship adrift :
|b governance and development in Bangladesh /
|c edited by Nurul Islam, M. Asaduzzaman.
|
| 260 |
|
|
|a Dhaka :
|b Bangladesh Institute of Development Studies,
|c 2008.
|
| 300 |
|
|
|a xxi, 327 pages :
|b illustrations (chiefly colors) ;
|c 25 cm.
|
| 504 |
|
|
|a Includes bibliographical references.
|
| 520 |
|
|
|a Revised version of papers presented at the Workshop on Governance and Development, held at Dhaka in November 2006.
|
| 651 |
|
|
|a Bangladesh
|x Politics and government
|v Congresses.
|9 48484
|
| 651 |
|
|
|a Bangladesh
|x Economic policy
|v Congresses.
|9 48485
|
| 700 |
|
|
|a Islam, Nurul,
|d 1929-
|9 48486
|
| 700 |
|
|
|a Asaduzzaman, M.
|9 48487
|
| 852 |
|
|
|a Ayesha Abed Library
|c Akbar Ali Khan Collection
|
| 942 |
|
|
|2 ddc
|c BK
|
| 952 |
|
|
|0 0
|1 0
|2 ddc
|4 0
|6 320_954920000000000_SHI
|7 1
|9 70632
|a BRACUL
|b BRACUL
|c CS1
|d 2022-05-18
|e Donated by Akbar Ali Khan
|l 0
|o 320.95492 SHI
|p 3010038510
|r 2022-05-18
|t 1
|w 2022-05-18
|y BK
|